Größte Orte im Kreis Dithmarschen - Statistiken

Allgemein
  • Dieses Quiz wurde 53 mal gespielt
  • Das Durchschnittsergebnis liegt bei 12 aus 15
Antwortstatistiken
Einwohnerzahl Ort % Korrekt
22.467 Heide
100%
7.318 Meldorf
100%
12.651 Brunsbüttel
95%
5.979 Marne
95%
5.078 Büsum
90%
3.847 Albersdorf
87%
4.173 Burg (Dithmarschen)
85%
3.545 Wesselburen
85%
3.533 Sankt Michaelisdonn
74%
2.720 Tellingstedt
72%
2.843 Hemmingstedt
69%
2.339 Weddingstedt
69%
2.523 Friedrichskoog
67%
2.837 Nordhastedt
54%
2.066 Lohe-Rickelshof
38%
Keine übereinstimmenden Quizze gefunden
Verteilung der Resultate
Anzahl Personen mit jedem Resultat
Perzentil nach korrekt beantworteten Fragen
Ihre Resultats-Entwicklung
Sie haben dieses Quiz noch nicht gespielt